| 000 | 00347nam a2200145 a 4500 | ||
|---|---|---|---|
| 001 | 1342 | ||
| 003 | CDMR | ||
| 005 | 20130116135209.0 | ||
| 008 | 130130s2000||||||||||||||||||||||||||||d | ||
| 040 |
_aCDMR _bcat _cCDMR |
||
| 100 | 1 |
_aCarulla, Antoni _91040 |
|
| 245 | 1 | 0 |
_aGarrigues _cCARULLA, Antoni |
| 260 |
_aBarcelona _c2000 _bFocal, A.C. |
||
| 942 | _cMON | ||
| 999 |
_c1342 _d1342 |
||